Logo BPK

Bibliografia Prac Pracowników

Politechniki Koszalińskiej

Badania i opracowanie technologii odzysku węglika krzemu ze ścieków poprodukcyjnych Fabryki Materiałów i Wyrobów Ściernych KORUND w Kole / (Rekord nr 896)

Szczegóły MARC
000 -ETYKIETA REKORDU
podpole kontrolne o stałej długości 01036naa a2200217 i 4500
001 - NUMER KONTROLNY REKORDU
podpole kontrolne BPP
003 - IDENTYFIKATOR NUMERU KONTROLNEGO REKORDU
podpole kontrolne BPK
005 - DATA OSTATNIEJ MODYFIKACJI REKORDU
podpole kontrolne 20160408085237.0
008 - POLE O STAŁEJ DŁUGOŚCI - DANE KONTROLNE
podpole kontrolne o stałej długości 141010s1987 pl f |100 0 pol
040 ## - ŹRÓDŁO KATALOGOWANIA
Instytucja, która utworzyła rekord BPK
080 ## - UNIWERSALNA KLASYFIKACJA DZIESIĘTNA - UKD
UKD 628.3.034.2
100 ## - NAZWA OSOBOWA
Nazwa osobowa PIECUCH, Tadeusz.
Lata pracy 1987 - 1996.
Instytucja Wyższa Szkoła Inżynierska w Koszalinie - Wydział Inżynierii Lądowej i Sanitarnej,
Wydział Zakład Technologii Ścieków i Utylizacji Odpadów Przemysłowych
245 ## - TYTUŁ/ODPOWIEDZIALNOŚĆ
Tytuł Badania i opracowanie technologii odzysku węglika krzemu ze ścieków poprodukcyjnych Fabryki Materiałów i Wyrobów Ściernych KORUND w Kole /
Pozostałe elementy strefy tytułu i oznaczenia odpowiedzialności Tadeusz Piecuch, W. Radzikowski, A. Świech.
260 ## - STREFA ADRESU WYDAWNICZEGO
Data publikacji, dystrybucji/powstania dokumentu 1987.
500 ## - UWAGI OGÓLNE
Tekst uwagi Dane z bibliografii załącznikowej.
650 #0 - HASŁO PRZEDMIOTOWE W FORMIE NAZWY OGÓLNEJ LUB JEDNOSTKOWEJ
Nazwa ogólna lub geograficzna Ścieki przemysłowe.
650 #0 - HASŁO PRZEDMIOTOWE W FORMIE NAZWY OGÓLNEJ LUB JEDNOSTKOWEJ
Nazwa ogólna lub geograficzna Krzem - związki.
655 #0 - TERMIN INDEKSOWY - OKREŚLENIE RODZAJU/FORMY DOKUMENTU
Określnie rodzaju/formy dokumentu Materiały konferencyjne.
711 ## - HASŁO DODATKOWE - NAZWA IMPREZY
Nazwa imprezy Ogólnopolska Konferencja Naukowa nt. Kompleksowe i szczegółowe problemy inżynierii środowiska
Oznaczenie części/sekcji dzieła (2 ;
Data imprezy 1987 ;
Miejsce imprezy Częstochowa - Ustronie Morskie, Polska).
942 ## - HASŁO DODATKOWE - ELEMENTY(KOHA)
Typ dokumentu Artykuł
Schemat klasyfikacji Uniwersalna klasyfikacja dziesiętna

Brak dostępnych egzemplarzy.

© 2014 Biblioteka Politechniki Koszalińskiej :: BIBLIOGRAFIA PRAC PRACOWNIKÓW